World Development Report 2000/2001 (Record no. 4692)

MARC details
000 -LEADER
fixed length control field 00502nam a22002057i 4500
001 - CONTROL NUMBER
control field 4809
003 - CONTROL NUMBER IDENTIFIER
control field OSt
005 - DATE AND TIME OF LATEST TRANSACTION
control field 20170126082339.0
007 - PHYSICAL DESCRIPTION FIXED FIELD--GENERAL INFORMATION
fixed length control field tu
008 - FIXED-LENGTH DATA ELEMENTS--GENERAL INFORMATION
fixed length control field 161220s2000 xxu||||| |||| 00| 0 d
022 ## - INTERNATIONAL STANDARD SERIAL NUMBER
International Standard Serial Number 0163-5085
024 7# - OTHER STANDARD IDENTIFIER
Standard number or code 4809
Source of number or code RID
024 7# - OTHER STANDARD IDENTIFIER
Standard number or code 4809
Source of number or code RSN (alt)
040 ## - CATALOGING SOURCE
Transcribing agency OSt
110 2# - MAIN ENTRY--CORPORATE NAME
Corporate name or jurisdiction name as entry element World Bank
245 00 - TITLE STATEMENT
Title World Development Report 2000/2001
Remainder of title Attacking Poverty
260 ## - PUBLICATION, DISTRIBUTION, ETC.
Place of publication, distribution, etc. Washington,
Date of publication, distribution, etc. 2000.
300 ## - PHYSICAL DESCRIPTION
Extent 335 S. :
Other physical details Tab. ;
Dimensions 30cm.
490 ## - SERIES STATEMENT
Series statement World Development Report
Volume/sequential designation 2000/2001
942 ## - ADDED ENTRY ELEMENTS (KOHA)
Koha item type Book
Holdings
Withdrawn status Lost status Damaged status Not for loan Home library Current library Shelving location Date acquired Inventory number Total Checkouts Full call number Barcode Date last seen Price effective from Koha item type
        WIIW WIIW Library 10/04/2000 4809   1.686/2000-2001 10000139 01/26/2017 01/26/2017 Book
The Vienna Instiute for International Economic Studies (wiiw)